Southville International School and Colleges
Your cart is empty.
  • Cart
  • Lists
    Public lists Eva Luna New books Lux_list list_1
    Your lists Log in to create your own lists
  • Log in to your account
  • Your cookies
  • Search history
Southville International School and Colleges
  • Advanced search
  • Recent comments
  • Most popular
  • Libraries

Log in to your account

Log in with GOOGLE


If you do not have an external account, but do have a local account, you can still log in:

  1. Home
  2. MARC view: Family favorites cookbook /
Normal view MARC view ISBD view

Family favorites cookbook / (Record no. 10626)

[ view plain ]
MARC details
000 -LEADER
fixed length control field 00513nam a22001817a 4500
003 - CONTROL NUMBER IDENTIFIER
control field OSt
005 - DATE AND TIME OF LATEST TRANSACTION
control field 20140310182217.0
008 - FIXED-LENGTH DATA ELEMENTS--GENERAL INFORMATION
fixed length control field 130907t xxu||||| |||| 00| 0 eng d
050 ## - LIBRARY OF CONGRESS CALL NUMBER
Classification number TX 645
Item number .H756 1993
082 ## - DEWEY DECIMAL CLASSIFICATION NUMBER
Classification number HS 641.5
Item number H74 1993
100 ## - MAIN ENTRY--PERSONAL NAME
Personal name Holst, Alison
9 (RLIN) 17131
245 ## - TITLE STATEMENT
Title Family favorites cookbook /
Statement of responsibility, etc Alison Holst.
260 ## - PUBLICATION, DISTRIBUTION, ETC. (IMPRINT)
Place of publication, distribution, etc Alexandria, Va :
Name of publisher, distributor, etc Cobra Import Export Pty Ltd,
Date of publication, distribution, etc 1993.
300 ## - PHYSICAL DESCRIPTION
Extent 192 p. ;
Other physical details ill. col. ;
Dimensions 30 cm.
650 ## - SUBJECT ADDED ENTRY--TOPICAL TERM
Topical term or geographic name as entry element Cookery
9 (RLIN) 12409
942 ## - ADDED ENTRY ELEMENTS (KOHA)
Source of classification or shelving scheme Library of Congress Classification
Koha item type
Holdings
Withdrawn status Lost status Source of classification or shelving scheme Damaged status Home library Current library Shelving location Date acquired Total Checkouts Full call number Barcode Date last seen Copy number Price effective from Koha item type
    Library of Congress Classification   Luxembourg Library Luxembourg Library High School Section 09/07/2013   TX 645 .H756 1993 1092 09/07/2013 1 09/07/2013 Books

Family favorites cookbook /

APA

Holst A., . (1993). Family favorites cookbook. Alexandria, Va: Cobra Import Export Pty Ltd.

Chicago

Holst Alison, . 1993. Family favorites cookbook. Alexandria, Va: Cobra Import Export Pty Ltd.

Harvard

Holst A., . (1993). Family favorites cookbook. Alexandria, Va: Cobra Import Export Pty Ltd.

MLA

Holst Alison, . Family favorites cookbook. Alexandria, Va: Cobra Import Export Pty Ltd. 1993.

  • Place hold
  • Print
  • Cite
  • Add to your cart (remove)
  • Save record
    BIBTEX Dublin Core MARCXML MARC (non-Unicode/MARC-8) MARC (Unicode/UTF-8) MARC (Unicode/UTF-8, Standard) MODS (XML) RIS
  • More searches
    Search for this title in:
    Other Libraries (WorldCat) Other Databases (Google Scholar) Online Stores (Bookfinder.com) Open Library (openlibrary.org)

Exporting to Dublin Core...

SOUTHVILLE LIBRARY

Southville International School and Colleges Library

1281 Tropical Ave. Cor. Luxembourg St., BF Homes International, Las Pinas City

Tel. No. 8256374 / 252358 Loc. 117/146

Powered by Koha